[Event "GER-chT U16"]
[Site "Magdeburg"]
[Date "2014.12.27"]
[Round "1.3"]
[White "Wagner, Dominik"]
[Black "Bohnert, Dominik"]
[Result "0-1"]
[WhiteElo "1721"]
[BlackElo "1985"]
[PlyCount "64"]
[EventDate "2014.12.27"]
[EventType "team-swiss"]
[EventRounds "7"]
[EventCountry "GER"]
[SourceTitle "EXT 2016"]
[Source "ChessBase"]
[SourceDate "2015.10.08"]
[SourceVersion "1"]
[SourceVersionDate "2015.10.08"]
[SourceQuality "1"]
[WhiteTeam "Magdeburg USC"]
[BlackTeam "Sasbach"]
[WhiteTeamCountry "GER"]
[BlackTeamCountry "GER"]

1. e4 e5 2. Nf3 Nc6 3. Bc4 Bc5 4. c3 Nf6 5. d3 a6 6. Bb3 d6 7. Nbd2 0-0 8. h3 d5 9. Qe2 Re8 10. Nf1 dxe4 11. dxe4 Be6 12. Bc2 b5 13. N3d2 Ne7 14. Ng3 Ng6 15. 0-0 Qc8 16. Nf5 Nf4 17. Qf3 g6 18. Ne3 N6h5 19. Nb3 Ba7 20. g4 Nf6 21. Ng2 g5 22. Nxf4 exf4 23. Nd4 c5 24. Nxe6 Qxe6 25. Re1 Nd7 26. b3 Ne5 27. Qe2 Qh6 28. Kh2 f3 29. Qd2 Nxg4+ 30. Kg1 Qxh3 31. Qxg5+ Kh8 32. Bf4 Qg2# 0-1